Central Library OPAC University of Rajshahi

Economics of American industry / (Record no. 59902)

MARC details
000 -LEADER
fixed length control field 00772nam a2200253 a 4500
001 - CONTROL NUMBER
control field 59902
003 - CONTROL NUMBER IDENTIFIER
rucl marc code BD-RjUL
005 - DATE AND TIME OF LATEST TRANSACTION
control field 20211209080759.0
008 - FIXED-LENGTH DATA ELEMENTS--GENERAL INFORMATION
fixed length control field 161227s1957 nyuab b 001 0 eng
035 ## - SYSTEM CONTROL NUMBER
System control number (BD-RjUL)60026
System control number (OCoLC)234593
040 ## - CATALOGING SOURCE
Original cataloging agency BD-RjUL
Transcribing agency BD-RjUL
Modifying agency BD-RjUL
Language of cataloging eng
041 ## - LANGUAGE CODE
Language code of text/sound track or separate title eng
082 00 - DEWEY DECIMAL CLASSIFICATION NUMBER
Classification number 338.0973
Author mark and year ALE 1957
Edition number 23
100 1# - MAIN ENTRY--PERSONAL NAME
Personal name Alderfer, Evan Benner,
Dates associated with a name 1901-
9 (RLIN) 9298
245 10 - TITLE STATEMENT
Title Economics of American industry /
Statement of responsibility, etc. by E.B. Alderfer and H.E. Michl.
250 ## - EDITION STATEMENT
Edition statement 3rd ed.
260 ## - PUBLICATION, DISTRIBUTION, ETC. (IMPRINT)
Place of publication, distribution, etc. New York,
Name of publisher, distributor, etc. McGraw-Hill,
Date of publication, distribution, etc. 1950.
300 ## - PHYSICAL DESCRIPTION
Pagination x, 710p. :
Illustrations ill.;
Size 24 cm.
504 ## - BIBLIOGRAPHY, ETC. NOTE
Bibliography, etc Bibliography: p. 691-707. and index
650 #0 - SUBJECT ADDED ENTRY--TOPICAL TERM
Topical term or geographic name as entry element Industries
Geographic subdivision United States.
9 (RLIN) 8359
700 1# - ADDED ENTRY--PERSONAL NAME
Personal name Michl, Herman Edward,
Relator term joint author.
942 ## - ADDED ENTRY ELEMENTS (KOHA)
Source of classification or shelving scheme Dewey Decimal Classification
Koha item type Books
Holdings
Lost status Source of classification or shelving scheme Damaged status Not for loan Collection code Permanent Location Current Location Shelving location Date acquired Source of acquisition Total Checkouts Full call number Date last seen Copy number Koha item type
  Dewey Decimal Classification   Not For Loan Non-fiction Central Library, University of Rajshahi Central Library, University of Rajshahi Reading Room 04/02/1985 Socio Eco.Bord   338.0973 ALE 1957 27/12/2016 C-1 Books